00564 a2200157 4500003000500000005001700005040000900022082001400031100002000045245004800065250000800113260004600121300001400167505017200181650005300353Nust20221221093654.0 cNust a323.3,BEN aBendix,Reinhard aCalass status,and power / cReinhard Bendix a2nd aIslamabadbNational book foundationc2010 axviii,677 aTheories of Class Structure (Page-1), The Continuing Debate on Equality (Page-47), Historical and Comparative Studies (Page-97), Power and Status Relations (Page-201). asocial stratification in comparative perspective